Т. 183: Модулярные функции и квадратичные формы. 1; Записки научных семинаров ЛОМИ

Sonraí bibleagrafaíochta
Parent link:Записки научных семинаров ЛОМИ: сборник работ/ Академия наук СССР (АН СССР), Математический институт им. В. А. Стеклова (МИАН). Т. 183: Модулярные функции и квадратичные формы. 1.— , 1979-1991
Rannpháirtithe: Андрианов А. Н. Анатолий Николаевич (редактор), Гриценко В. А.
Teanga:Rúisis
Foilsithe / Cruthaithe: 1990
Ábhair:
Formáid: LEABHAR
KOHA link:https://koha.lib.tpu.ru/cgi-bin/koha/opac-detail.pl?biblionumber=233665

MARC

LEADER 00000nam2a2200000 4500
001 233665
005 20231101231249.0
020 |a RU  |b 92-747ж 
035 |a (RuTPU)RU\TPU\book\254744 
035 |a RU\TPU\book\170523 
090 |a 233665 
100 |a 20090404d1990 k y0rusy5003 ca 
101 0 |a rus 
102 |a RU 
105 |a a z 001zy 
200 0 |a Т. 183: Модулярные функции и квадратичные формы. 1  |f под ред. А. Н. Андрианова, В. А. Гриценко 
210 |d 1990 
215 |a 168 с.  |c ил. 
320 |a Библиография в конце статей 
461 1 |0 (RuTPU)RU\TPU\book\26131  |t Записки научных семинаров ЛОМИ  |o сборник работ  |f Академия наук СССР (АН СССР), Математический институт им. В. А. Стеклова (МИАН)  |v Т. 183: Модулярные функции и квадратичные формы. 1  |d 1979-1991 
606 1 |a Функции, теория  |2 stltpush  |3 (RuTPU)RU\TPU\subj\59510  |9 77024 
606 1 |a Квадратичные формы  |2 stltpush  |3 (RuTPU)RU\TPU\subj\14183  |9 40642 
610 1 |a сборники 
610 1 |a модулярные функции 
675 |a 517.5  |v 3 
675 |a 512.64  |v 3 
702 1 |a Андрианов  |b А. Н.  |g Анатолий Николаевич  |4 340 
702 1 |a Гриценко  |b В. А.  |4 340 
801 0 |a RU  |b RuMRKP  |c 19950417  |g psbo 
801 1 |a RU  |b 63413507  |c 20130307 
801 2 |a RU  |b 63413507  |c 20130528  |g RCR 
942 |c BK